Respectability and all that jazz

Elmentve itt :
Bibliográfiai részletek
Szerző: Pallai Péter
Dokumentumtípus: Cikk
Megjelent: 2014
Sorozat:Americana : E-Journal of American Studies in Hungary 10
Kulcsszavak:Jazz - USA - 20. sz.
Online Access:http://acta.bibl.u-szeged.hu/56672
LEADER 00605nab a2200169 i 4500
001 acta56672
005 20260224081030.0
008 190122s2014 hu o 000 hun d
022 |a 1787-4637 
040 |a SZTE Egyetemi Kiadványok Repozitórium  |b hun 
041 |a hun 
100 1 |a Pallai Péter 
245 1 0 |a Respectability and all that jazz  |h [elektronikus dokumentum] /  |c  Pallai Péter 
260 |c 2014 
490 0 |a Americana : E-Journal of American Studies in Hungary  |v 10 
695 |a Jazz - USA - 20. sz. 
856 4 0 |u http://acta.bibl.u-szeged.hu/56672/2/americana_010_special_004/pallai.html  |z Dokumentum-elérés